Анализ эффективности тарифной ставки с целью безубыточности ОСАГО; Известия Томского политехнического университета [Известия ТПУ]; Т. 316, № 6: Экономика. Философия, социология и культурология

Bibliografske podrobnosti
Parent link:Известия Томского политехнического университета [Известия ТПУ]/ Томский политехнический университет (ТПУ).— , 2000-
Т. 316, № 6: Экономика. Философия, социология и культурология.— 2010.— [С. 30-35]
Glavni avtor: Калашникова Т. В. Татьяна Владимировна
Drugi avtorji: Кривовяз Н. В. Наталья Викторовна
Izvleček:Заглавие с титульного листа
Электронная версия печатной публикации
С использованием федеральной методики расчета тарифной ставки для рисковых видов страхования для 40 российских страховых компаний по результатам их деятельности в сфере ОСАГО за 2004-2009 гг. были проведены исследования по уровню убыточности и соответствию тарифной ставки необходимому значению. Показано, что во всех изученных компаниях тарифы занижены, что может являться причиной убыточности обязательного автострахования вследствие недостаточного размера страховых сборов. Выявлен ряд проблем ОСАГО помимо размера страхового тарифа, вызывающих недовольство как автовладельцев, так и граждан, и требующих усовершенствования.
Jezik:ruščina
Izdano: 2010
Serija:Экономика
Teme:
Online dostop:http://www.lib.tpu.ru/fulltext/v/Bulletin_TPU/2010/v316/i6/06.pdf
Format: Elektronski Book Chapter
KOHA link:https://koha.lib.tpu.ru/cgi-bin/koha/opac-detail.pl?biblionumber=187633

MARC

LEADER 00000nla2a2200000 4500
001 187633
005 20231225133707.0
035 |a (RuTPU)RU\TPU\book\203596 
035 |a RU\TPU\book\203592 
090 |a 187633 
100 |a 20101118d2010 k y0rusy50 ca 
101 0 |a rus 
102 |a RU 
135 |a drnn ---uucaa 
181 0 |a i  
182 0 |a b 
200 1 |a Анализ эффективности тарифной ставки с целью безубыточности ОСАГО  |f Т. В. Калашникова, Н. В. Кривовяз 
203 |a Текст  |c электронный 
215 |a 1 файл (70 Кб) 
225 1 |a Экономика 
300 |a Заглавие с титульного листа 
300 |a Электронная версия печатной публикации 
320 |a [Библиогр.: с. 35 (4 назв.)] 
330 |a С использованием федеральной методики расчета тарифной ставки для рисковых видов страхования для 40 российских страховых компаний по результатам их деятельности в сфере ОСАГО за 2004-2009 гг. были проведены исследования по уровню убыточности и соответствию тарифной ставки необходимому значению. Показано, что во всех изученных компаниях тарифы занижены, что может являться причиной убыточности обязательного автострахования вследствие недостаточного размера страховых сборов. Выявлен ряд проблем ОСАГО помимо размера страхового тарифа, вызывающих недовольство как автовладельцев, так и граждан, и требующих усовершенствования. 
337 |a Adobe Reader 
461 1 |0 (RuTPU)RU\TPU\book\176237  |t Известия Томского политехнического университета [Известия ТПУ]  |f Томский политехнический университет (ТПУ)  |d 2000- 
463 1 |0 (RuTPU)RU\TPU\book\203561  |x 1684-8519  |t Т. 316, № 6: Экономика. Философия, социология и культурология  |v [С. 30-35]  |d 2010  |p 243 с. 
610 1 |a обязательное страхование автогражданской ответственности 
610 1 |a ОСАГО 
610 1 |a актуарные расчеты 
610 1 |a тарифные ставки 
610 1 |a труды учёных ТПУ 
610 1 |a электронный ресурс 
700 1 |a Калашникова  |b Т. В.  |c специалист в области менеджмента  |c доцент Томского политехнического университета, кандидат технических наук  |f 1970-  |g Татьяна Владимировна  |3 (RuTPU)RU\TPU\pers\27132  |9 12672 
701 1 |a Кривовяз  |b Н. В.  |c экономист  |c ассистент Томского политехнического университета  |f 1989-  |g Наталья Викторовна  |3 (RuTPU)RU\TPU\pers\31562 
801 1 |a RU  |b 63413507  |c 20090623  |g PSBO 
801 2 |a RU  |b 63413507  |c 20211222  |g PSBO 
856 4 |u http://www.lib.tpu.ru/fulltext/v/Bulletin_TPU/2010/v316/i6/06.pdf 
942 |c CF